| 000 | 00815nam a22002537a 4500 | ||
|---|---|---|---|
| 003 | dpl | ||
| 005 | 20170124105934.0 | ||
| 008 | 161130b xxu||||| |||| 00| 0 eng d | ||
| 010 | _aA-370783 | ||
| 020 | _c00.00 | ||
| 035 | _aA-370783 | ||
| 037 | _bCen Lib/Ret | ||
| 040 |
_aDPL _bEN _ctit |
||
| 082 |
_a327.73047 _bNIX |
||
| 100 |
_aNixon, Richard _99166 |
||
| 245 |
_a1999 victory without war / _cby Richard Nixon |
||
| 260 |
_aLondon _bSidgwick and Jackson _c1988 |
||
| 270 |
_a1 Tavistock Chambers, Bloomsbury way _bLondon |
||
| 300 |
_axi,336p. _c22cm(Hb) |
||
| 500 | _aIncludes bibliographic references and index | ||
| 650 |
_a United States -- Foreign relations -- 1989 _99167 |
||
| 650 |
_aUnited States -- Foreign relations -- 1981-1989 _99168 |
||
| 942 |
_2ddc _cEN _h327.73 _mNIC |
||
| 999 |
_c124065 _d124065 |
||